[Event "L C.to Italiano"]
[Site "Chianciano Terme ITA"]
[Date "1990.05.07"]
[Round "1"]
[White "Bellia, Fabrizio"]
[Black "Tortarolo, Massimiliano"]
[WhiteElo "2320"]
[BlackElo "2275"]
[Result "1-0"]
[PlyCount "113"]
[EventDate "1990.05.07"]

1. Nf3 Nf6 2. g3 g6 3. Bg2 Bg7 4. O-O O-O 5. d4 d5 6. c4 dxc4 7. Na3 c3 8. bxc3
c5 9. Nc4 Nd5 10. Bd2 Nc6 11. e4 Nb6 12. Nxb6 Qxb6 13. d5 Na5 14. Rb1 Qd8 15.
Qe2 b6 16. c4 Ba6 17. Bxa5 bxa5 18. Qc2 Qd7 19. h3 Rab8 20. a3 Rfc8 21. Rfe1 e6
22. h4 exd5 23. cxd5 Rxb1 24. Rxb1 c4 25. Bf1 Bb5 26. Qa2 a6 27. a4 Bxa4 28.
Bxc4 Rxc4 29. Qxc4 Bb5 30. Qc5 Bf8 31. Qc2 Bg7 32. Qd2 a4 33. Nd4 a3 34. Nxb5
axb5 35. Qa5 Bb2 36. Qb4 Qe8 37. Rxb2 axb2 38. Qxb2 Qxe4 39. Qxb5 Qe1+ 40. Qf1
Qe4 41. Qd1 Kf8 42. Qb3 Qe1+ 43. Kg2 Qe4+ 44. Kh2 Qd4 45. Kg1 Qa1+ 46. Kg2 Qd4
47. Qa3+ Kg7 48. Qd6 h5 49. Qc6 Qe4+ 50. Kh2 Qd4 51. Kg1 Qe5 52. d6 Qe6 53. Qc5
Kh7 54. Qd4 Qd7 55. Qf6 Kg8 56. Qe7 Qa4 57. d7 1-0

[Event "L C.to Italiano"]
[Site "Chianciano Terme ITA"]
[Date "1990.05.07"]
[Round "1"]
[White "Mantovani, Renzo"]
[Black "Vezzosi, Paolo"]
[WhiteElo "2365"]
[BlackElo "2290"]
[Result "1/2-1/2"]
[PlyCount "59"]
[EventDate "1990.05.07"]

1. g3 e5 2. Bg2 Nc6 3. c4 g6 4. Nc3 Bg7 5. Rb1 f5 6. d3 Nf6 7. b4 a6 8. a4 O-O
9. b5 axb5 10. axb5 Ne7 11. e3 d5 12. cxd5 Nfxd5 13. Nge2 Be6 14. Bd2 Nxc3 15.
Bxc3 Nd5 16. O-O f4 17. Bxd5 Qxd5 18. e4 Qd7 19. gxf4 Bh3 20. fxe5 Ra3 21. e6
Qxe6 22. Bb4 Bxf1 23. Bxa3 Bxe2 24. Qxe2 Rf4 25. Bc5 Be5 26. Be3 Rg4+ 27. Kh1
Rh4 28. f4 Bxf4 29. Bxf4 Rxf4 30. Re1 1/2-1/2

[Event "L C.to Italiano"]
[Site "Chianciano Terme ITA"]
[Date "1990.05.07"]
[Round "1"]
[White "Martorelli, Antonio"]
[Black "Godena, Michele"]
[WhiteElo "2220"]
[BlackElo "2380"]
[Result "0-1"]
[PlyCount "68"]
[EventDate "1990.05.07"]

1. e4 d5 2. exd5 Qxd5 3. Nc3 Qa5 4. d4 Nf6 5. Bd2 Bg4 6. Be2 Bxe2 7. Qxe2 Nbd7
8. Nf3 e6 9. O-O c6 10. Ne4 Qf5 11. Nxf6+ Nxf6 12. c4 Bd6 13. Rfe1 O-O 14. Rac1
Qh5 15. h3 Rfd8 16. Rc3 c5 17. Rb3 b6 18. Bg5 cxd4 19. Rb5 d3 20. Qf1 Bc5 21.
Rb3 Qg6 22. Bxf6 Qxf6 23. Rd1 h6 24. Rdxd3 Rxd3 25. Qxd3 Rd8 26. Qc2 Qf4 27.
Rc3 e5 28. Kh1 Bxf2 29. Qxf2 Rd1+ 30. Qg1 Rxg1+ 31. Nxg1 Qd2 32. Nf3 Qxb2 33.
Re3 f6 34. Kh2 Qxa2 0-1

[Event "L C.to Italiano"]
[Site "Chianciano Terme ITA"]
[Date "1990.05.07"]
[Round "1"]
[White "Tatai, Stefano"]
[Black "Marinelli, Tullio"]
[WhiteElo "2405"]
[BlackElo "2400"]
[Result "1-0"]
[PlyCount "159"]
[EventDate "1990.05.07"]

1. e4 c5 2. Nf3 d6 3. d4 cxd4 4. Nxd4 Nf6 5. Nc3 a6 6. Be3 e5 7. Nf3 Be7 8. h3
O-O 9. Bc4 Be6 10. Bb3 h6 11. Qe2 Nbd7 12. Bxe6 fxe6 13. Qc4 d5 14. exd5 Rc8
15. Qb3 e4 16. O-O-O Rxc3 17. bxc3 exd5 18. Rxd5 Nxd5 19. Qxd5+ Kh8 20. Nd2 Qc7
21. Nxe4 Nf6 22. Nxf6 Ba3+ 23. Kb1 Rxf6 24. Bd4 Rd6 25. Qb3 Qe7 26. Ka1 Rg6 27.
Rb1 b5 28. c4 Bc5 29. Bxc5 Qxc5 30. cxb5 axb5 31. Re1 Qd4+ 32. c3 Qd7 33. Rd1
Qc7 34. Qxb5 Qxc3+ 35. Qb2 Qc7 36. Rc1 Qd7 37. g4 Rd6 38. Qb8+ Kh7 39. Qc8 Qe7
40. Qf5+ Kh8 41. Rc8+ Rd8 42. Rxd8+ Qxd8 43. a4 Qd4+ 44. Kb1 Qb4+ 45. Kc1 Qa3+
46. Kd2 Qb4+ 47. Ke3 Qxa4 48. Kf3 Qb3+ 49. Kg2 Qc3 50. h4 Qc6+ 51. f3 Qc4 52.
Qe5 Qc2+ 53. Kg3 Qc1 54. g5 Qg1+ 55. Kf4 hxg5+ 56. hxg5 Qh2+ 57. Kf5 Qc2+ 58.
Qe4 Qc5+ 59. Qe5 Qc2+ 60. Kg4 Qg2+ 61. Qg3 Qc2 62. f4 g6 63. Qf3 Kh7 64. Kg3
Kg7 65. Qe3 Kf7 66. Qa7+ Kg8 67. Qd4 Qb3+ 68. Kf2 Qb1 69. Qc4+ Kh7 70. Ke3 Qb6+
71. Qd4 Qb3+ 72. Ke4 Qb7+ 73. Qd5 Qb1+ 74. Kd4 Qa1+ 75. Kc5 Qa7+ 76. Kd6 Qb8+
77. Ke7 Qc7+ 78. Qd7 Qxf4 79. Qh3+ Kg8 80. Qe6+ 1-0

[Event "L C.to Italiano"]
[Site "Chianciano Terme ITA"]
[Date "1990.05.08"]
[Round "2"]
[White "Godena, Michele"]
[Black "Borgo, Giulio"]
[WhiteElo "2380"]
[BlackElo "2330"]
[Result "1/2-1/2"]
[PlyCount "37"]
[EventDate "1990.05.07"]

1. e4 Nf6 2. e5 Nd5 3. d4 d6 4. Nf3 dxe5 5. Nxe5 g6 6. Bc4 Be6 7. Nc3 Bg7 8.
Ne4 Bxe5 9. dxe5 Nc6 10. Nc5 Ne3 11. Bxe3 Bxc4 12. b3 b6 13. bxc4 bxc5 14. f4
Qxd1+ 15. Rxd1 Rb8 16. Kd2 Rb4 17. Kd3 Ra4 18. Ra1 Kd7 19. Bxc5 1/2-1/2

[Event "L C.to Italiano"]
[Site "Chianciano Terme ITA"]
[Date "1990.05.08"]
[Round "2"]
[White "Lanzani, Mario"]
[Black "Bellia, Fabrizio"]
[WhiteElo "2350"]
[BlackElo "2320"]
[Result "1-0"]
[PlyCount "53"]
[EventDate "1990.05.07"]

1. e4 Nc6 2. Nf3 d6 3. d4 Nf6 4. Nc3 Bg4 5. d5 Ne5 6. Nxe5 dxe5 7. Qxg4 Nxg4 8.
Bb5+ Qd7 9. Bxd7+ Kxd7 10. h3 Nf6 11. f4 exf4 12. Bxf4 e6 13. dxe6+ Kxe6 14.
Nb5 Ne8 15. O-O-O Bd6 16. Nd4+ Kf6 17. e5+ Bxe5 18. Bxe5+ Kxe5 19. Rhe1+ Kf6
20. Rf1+ Kg6 21. Nf3 f6 22. Rd7 Nd6 23. Nh4+ Kg5 24. Rxg7+ Kxh4 25. Rxf6 h6 26.
Rf4+ Kh5 27. g3 1-0

[Event "L C.to Italiano"]
[Site "Chianciano Terme ITA"]
[Date "1990.05.08"]
[Round "2"]
[White "Manca, Federico"]
[Black "Tatai, Stefano"]
[WhiteElo "2360"]
[BlackElo "2405"]
[Result "1/2-1/2"]
[PlyCount "43"]
[EventDate "1990.05.07"]

1. e4 c5 2. c3 e5 3. Nf3 Nc6 4. Bb5 Nge7 5. O-O Ng6 6. d4 cxd4 7. cxd4 exd4 8.
Nxd4 Bc5 9. Nf5 O-O 10. Nc3 d6 11. Qh5 Bxf5 12. Qxf5 Nd4 13. Qg4 Ne5 14. Qg3 f5
15. exf5 Nxb5 16. Nxb5 Rxf5 17. b4 Bb6 18. Bb2 a6 19. Nd4 Bxd4 20. Qb3+ Kh8 21.
Bxd4 Qh4 22. Bxe5 1/2-1/2

[Event "L C.to Italiano"]
[Site "Chianciano Terme ITA"]
[Date "1990.05.08"]
[Round "2"]
[White "Marinelli, Tullio"]
[Black "Martorelli, Antonio"]
[WhiteElo "2400"]
[BlackElo "2220"]
[Result "1-0"]
[PlyCount "99"]
[EventDate "1990.05.07"]

1. d4 Nf6 2. c4 g6 3. Nc3 Bg7 4. e4 d6 5. f3 c5 6. d5 e6 7. Bd3 exd5 8. cxd5
O-O 9. Nge2 a6 10. a4 Nbd7 11. O-O Ne5 12. Bc2 Rb8 13. Rb1 a5 14. f4 Ned7 15.
Nb5 Qe7 16. Nec3 Ra8 17. Re1 Ne8 18. Be3 b6 19. Bf2 Ba6 20. Qf3 Qd8 21. g4 g5
22. e5 dxe5 23. fxe5 f5 24. e6 Ne5 25. Qh3 Bxb5 26. axb5 Nd6 27. gxf5 g4 28.
Qh5 Nf3+ 29. Kg2 Nxe1+ 30. Rxe1 Ra7 31. Qxg4 Kh8 32. Bg3 Bf6 33. Qf4 Rg8 34.
Kf3 Ne8 35. Rd1 Ng7 36. d6 Nh5 37. Qe4 Nxg3 38. hxg3 Rag7 39. Ne2 Qe8 40. Rh1
Qxb5 41. Rh6 Qxb2 42. e7 Qa3+ 43. Kf2 Bd4+ 44. Nxd4 Qxg3+ 45. Ke2 Qg1 46. f6
Rg2+ 47. Kd3 R8g3+ 48. Kc4 Rxc2+ 49. Nxc2 Qf1+ 50. Kd5 1-0

[Event "L C.to Italiano"]
[Site "Chianciano Terme ITA"]
[Date "1990.05.09"]
[Round "3"]
[White "Bellia, Fabrizio"]
[Black "Vezzosi, Paolo"]
[WhiteElo "2320"]
[BlackElo "2290"]
[Result "1/2-1/2"]
[PlyCount "55"]
[EventDate "1990.05.07"]

1. Nf3 Nf6 2. g3 c5 3. Bg2 g6 4. c4 d5 5. cxd5 Nxd5 6. Nc3 Bg7 7. O-O O-O 8.
Ng5 e6 9. Nge4 b6 10. Nxd5 exd5 11. Nc3 Be6 12. d3 Nc6 13. Bd2 Qd7 14. a3 Rfe8
15. Re1 d4 16. Ne4 f5 17. Ng5 Bd5 18. Bxd5+ Qxd5 19. Nf3 Ne5 20. Nxe5 Bxe5 21.
b4 Bd6 22. Qb1 Rac8 23. bxc5 Bxc5 24. Qa2 Qxa2 25. Rxa2 Bf8 26. a4 Rc6 27. Kf1
Kf7 28. Rb1 1/2-1/2

[Event "L C.to Italiano"]
[Site "Chianciano Terme ITA"]
[Date "1990.05.09"]
[Round "3"]
[White "Borgo, Giulio"]
[Black "Marinelli, Tullio"]
[WhiteElo "2330"]
[BlackElo "2400"]
[Result "1/2-1/2"]
[PlyCount "138"]
[EventDate "1990.05.07"]

1. e4 c5 2. Nf3 d6 3. Bb5+ Bd7 4. Bxd7+ Nxd7 5. O-O Ngf6 6. Qe2 e6 7. b3 Be7 8.
Bb2 O-O 9. d4 d5 10. exd5 Nxd5 11. c4 Nf4 12. Qe3 Bg5 13. Nxg5 Qxg5 14. g3 Nh3+
15. Kg2 Qf5 16. Nd2 cxd4 17. Qxd4 e5 18. Qe4 Qh5 19. Nf3 Rfe8 20. Qh4 Qxh4 21.
Nxh4 Ng5 22. Rad1 Nf8 23. Rd5 f6 24. Nf5 Red8 25. Nd6 Rd7 26. Rfd1 Nge6 27. Nb5
Rf7 28. Bc1 Nc7 29. Rd8 Rxd8 30. Rxd8 Nce6 31. Rb8 Rd7 32. Nxa7 Nd8 33. Be3 Kf7
34. Bb6 Nfe6 35. Nb5 Ke7 36. c5 Nc6 37. Ra8 Ned4 38. Nd6 Ke6 39. Re8+ Kd5 40.
Nc4 Nb4 41. Ba7 Ke4 42. Bb8 Nxa2 43. Nb6 Rf7 44. f4 Nxb3 45. fxe5 fxe5 46.
Rxe5+ Kd3 47. Rd5+ Kc2 48. Nc4 Nb4 49. Ne3+ Kb2 50. Rg5 Nd3 51. Nc4+ Kc2 52.
Ne5 Nxe5 53. Rxe5 Kd3 54. Bd6 Kd4 55. Rg5 g6 56. h4 Nd2 57. h5 Rf2+ 58. Kxf2
Ne4+ 59. Kf3 Nxg5+ 60. Kg4 Ne6 61. hxg6 hxg6 62. Be7 Ke4 63. Bd6 Kd5 64. Be7
Kc6 65. Kf3 Nxc5 66. Kf4 Nd7 67. Kg5 Ne5 68. Kf6 Kd5 69. Bb4 Ke4 1/2-1/2

[Event "L C.to Italiano"]
[Site "Chianciano Terme ITA"]
[Date "1990.05.09"]
[Round "3"]
[White "Mantovani, Renzo"]
[Black "Godena, Michele"]
[WhiteElo "2365"]
[BlackElo "2380"]
[Result "0-1"]
[PlyCount "108"]
[EventDate "1990.05.07"]

1. Nf3 Nf6 2. d4 g6 3. Bg5 Bg7 4. Nbd2 d5 5. c3 O-O 6. e3 Nbd7 7. Bd3 Re8 8.
Bf4 Nh5 9. O-O c6 10. Be2 Nxf4 11. exf4 c5 12. Nb3 Qc7 13. g3 Rb8 14. a4 a6 15.
Re1 e6 16. a5 b5 17. dxc5 Nxc5 18. Nxc5 Qxc5 19. Ne5 Qc7 20. Qd4 Bb7 21. Bf1 f6
22. Nd3 e5 23. fxe5 fxe5 24. Qe3 d4 25. cxd4 Qc6 26. d5 Qxd5 27. f3 Qxf3 28.
Qxf3 Bxf3 29. Bg2 Bxg2 30. Kxg2 e4 31. Nc5 Bxb2 32. Ra2 Bc3 33. Rc1 b4 34. Nxa6
b3 35. Re2 b2 36. Rb1 Rbc8 37. Rc2 e3 38. Kf3 e2 39. Rxe2 Rxe2 40. Kxe2 Ra8 41.
Kd3 Bg7 42. Nb4 Rxa5 43. Kc2 Ra1 44. Nd3 Kf7 45. Nxb2 Rxb1 46. Kxb1 Bxb2 47.
Kxb2 Kf6 48. Kc3 Kf5 49. Kd4 Kg4 50. Ke5 Kh3 51. Kf4 Kxh2 52. Kg4 Kg2 53. Kf4
Kh3 54. Kf3 g5 0-1

[Event "L C.to Italiano"]
[Site "Chianciano Terme ITA"]
[Date "1990.05.09"]
[Round "3"]
[White "Martorelli, Antonio"]
[Black "Manca, Federico"]
[WhiteElo "2220"]
[BlackElo "2360"]
[Result "1/2-1/2"]
[PlyCount "82"]
[EventDate "1990.05.07"]

1. e4 d6 2. d4 Nf6 3. Nc3 g6 4. Be3 Bg7 5. Qd2 c6 6. Nf3 O-O 7. Bh6 Bg4 8.
O-O-O Bxf3 9. gxf3 Nbd7 10. h4 e5 11. dxe5 dxe5 12. h5 b5 13. hxg6 fxg6 14. Bh3
Nc5 15. Be3 Qxd2+ 16. Rxd2 Nb7 17. Be6+ Kh8 18. Bd7 Na5 19. b3 Rfd8 20. Be6
Rxd2 21. Bxd2 Nb7 22. Bf7 Nh5 23. Be3 Bf8 24. Rd1 Nf6 25. Be6 Ba3+ 26. Kb1 Nd6
27. Ka1 Bb4 28. Ne2 Nb7 29. Kb2 Kg7 30. f4 Rd8 31. Rh1 Bd2 32. fxe5 Nxe4 33.
Bxa7 b4 34. Bb6 Ra8 35. Rd1 Nc3 36. Nxc3 Bxc3+ 37. Kb1 Bxe5 38. Rd7+ Kf6 39.
Bc4 Nd6 40. Bd8+ Kf5 41. Bd3+ Ke6 1/2-1/2

[Event "L C.to Italiano"]
[Site "Chianciano Terme ITA"]
[Date "1990.05.09"]
[Round "3"]
[White "Tortarolo, Massimiliano"]
[Black "Lanzani, Mario"]
[WhiteElo "2275"]
[BlackElo "2350"]
[Result "1/2-1/2"]
[PlyCount "117"]
[EventDate "1990.05.07"]

1. e4 c5 2. Nf3 d6 3. d4 cxd4 4. Nxd4 Nf6 5. Nc3 Nc6 6. Bg5 e6 7. Bb5 Bd7 8.
Bxc6 bxc6 9. Qf3 Qa5 10. Bxf6 gxf6 11. Qxf6 Rg8 12. Nb3 Qh5 13. Qf3 Qxf3 14.
gxf3 Bh6 15. Nd1 Rg2 16. Ke2 c5 17. c4 Ba4 18. Nc3 Bc6 19. e5 O-O-O 20. exd6
Rxd6 21. Rag1 Rg6 22. Rxg6 hxg6 23. Rd1 Rxd1 24. Nxd1 Bf8 25. Nc3 f5 26. f4 Bd6
27. Ke3 Kc7 28. Nc1 e5 29. N1e2 e4 30. Ng1 Bf8 31. Nce2 Bh6 32. Nh3 Kb6 33. Ng5
Ka5 34. Kd2 Kb4 35. b3 Bg7 36. Ne6 Bf6 37. Kc2 Bh4 38. Ng3 Be7 39. Kb2 Bf6+ 40.
Kc2 Ka3 41. Ne2 Kxa2 42. Nxc5 Ka3 43. Na6 e3 44. fxe3 Be4+ 45. Kd2 Kxb3 46.
Nc5+ Kxc4 47. Nxe4 fxe4 48. Kc2 a5 49. Ng3 Kd5 50. Ne2 Bg7 51. h3 Bf6 52. Nc3+
Bxc3 53. Kxc3 a4 54. h4 a3 55. Kb3 a2 56. Kxa2 Kc4 57. f5 gxf5 58. h5 f4 59.
exf4 1/2-1/2

[Event "L C.to Italiano"]
[Site "Chianciano Terme ITA"]
[Date "1990.05.10"]
[Round "4"]
[White "Marinelli, Tullio"]
[Black "Mantovani, Renzo"]
[WhiteElo "2400"]
[BlackElo "2365"]
[Result "1-0"]
[PlyCount "107"]
[EventDate "1990.05.07"]

1. d4 d5 2. Nf3 Nf6 3. c4 c6 4. Nc3 g6 5. cxd5 cxd5 6. Qb3 Nc6 7. Bg5 Bg7 8. e3
Na5 9. Qa4+ Kf8 10. h3 a6 11. Qb4 Nc6 12. Qc5 Be6 13. Bd3 Rc8 14. Qa3 b5 15.
Ne2 h6 16. Bf4 Ne4 17. O-O Qb6 18. Rfc1 Kg8 19. Bh2 Kh7 20. Nf4 Nf6 21. Bxg6+
fxg6 22. Nxe6 Rhe8 23. Nc5 a5 24. Qd3 Nb4 25. Qe2 a4 26. Ne5 Ne4 27. a3 Bxe5
28. Bxe5 Nc6 29. Nxe4 dxe4 30. Rc5 Nxe5 31. Rxe5 b4 32. axb4 Qxb4 33. Rxe4 e5
34. Qg4 Qxb2 35. Rxa4 Qc1+ 36. Kh2 Qc7 37. dxe5 Rxe5 38. Rxe5 Qxe5+ 39. Qf4 Qg7
40. Qd4 Qc7+ 41. g3 Rb8 42. Ra6 Rb7 43. Qf6 Qc2 44. Ra8 Rg7 45. Qf8 g5 46. Qh8+
Kg6 47. Ra6+ Kf5 48. Qf8+ Ke4 49. Re6+ Kd3 50. Qf5+ Kd2 51. Qxc2+ Kxc2 52. Rxh6
Kd3 53. Rf6 Ke2 54. Kg2 1-0

[Event "L C.to Italiano"]
[Site "Chianciano Terme ITA"]
[Date "1990.05.10"]
[Round "4"]
[White "Vezzosi, Paolo"]
[Black "Tortarolo, Massimiliano"]
[WhiteElo "2290"]
[BlackElo "2275"]
[Result "1-0"]
[PlyCount "151"]
[EventDate "1990.05.07"]

1. d4 Nf6 2. Nf3 g6 3. Bg5 Bg7 4. Nbd2 c5 5. Bxf6 Bxf6 6. Ne4 Qb6 7. Nxf6+ Qxf6
8. Qd2 cxd4 9. Qxd4 Qxd4 10. Nxd4 a6 11. e4 Nc6 12. O-O-O d6 13. Nxc6 bxc6 14.
Bc4 f5 15. exf5 Bxf5 16. Rhe1 d5 17. Bb3 Kf7 18. Rd4 g5 19. c4 e6 20. g4 c5 21.
Rd2 dxc4 22. gxf5 cxb3 23. fxe6+ Kf6 24. axb3 Rhe8 25. Rd6 Red8 26. Rc6 Rdc8
27. Rd6 Rd8 28. Red1 Ke7 29. R6d5 Rf8 30. Rxg5 Rxf2 31. Rg7+ Kxe6 32. Rxh7 Rb8
33. Rh3 c4 34. Rd2 Rxd2 35. Kxd2 cxb3 36. Kc3 Kd5 37. Rh5+ Kc6 38. Kc4 Kc7 39.
Rh7+ Kc6 40. Rh6+ Kc7 41. Rh3 Kc6 42. Rh6+ Kc7 43. h4 a5 44. Kc3 Rb5 45. Rg6
Rb4 46. Rh6 Rb5 47. Rh7+ Kc6 48. Rh8 Kc7 49. Kc4 Rb4+ 50. Kc3 Rb5 51. Rh6 Rb8
52. Rh5 Rb4 53. Rc5+ Kd6 54. Rc4 Rb5 55. Rg4 Rb8 56. Rg5 Rh8 57. h5 a4 58. Kb4
Ra8 59. Ka3 Ke6 60. Rg4 Ra5 61. Rh4 Kf7 62. h6 Kg8 63. h7+ Kh8 64. Rxa4 Rf5 65.
Kxb3 Kxh7 66. Rg4 Rf8 67. Kc4 Rc8+ 68. Kd5 Kh6 69. b4 Kh5 70. Rd4 Kg5 71. b5
Kf6 72. b6 Rd8+ 73. Kc5 Rc8+ 74. Kb5 Ke5 75. b7 Rh8 76. Rc4 1-0

[Event "L C.to Italiano"]
[Site "Chianciano Terme ITA"]
[Date "1990.05.11"]
[Round "5"]
[White "Bellia, Fabrizio"]
[Black "Godena, Michele"]
[WhiteElo "2320"]
[BlackElo "2380"]
[Result "1/2-1/2"]
[PlyCount "23"]
[EventDate "1990.05.07"]

1. Nf3 Nf6 2. g3 c5 3. c4 Nc6 4. Nc3 d5 5. cxd5 Nxd5 6. d3 g6 7. Nxd5 Qxd5 8.
Bg2 Bg7 9. O-O O-O 10. Be3 Qd6 11. Rc1 Nd4 12. Nd2 1/2-1/2

[Event "L C.to Italiano"]
[Site "Chianciano Terme ITA"]
[Date "1990.05.11"]
[Round "5"]
[White "Borgo, Giulio"]
[Black "Tatai, Stefano"]
[WhiteElo "2330"]
[BlackElo "2405"]
[Result "0-1"]
[PlyCount "146"]
[EventDate "1990.05.07"]

1. e4 c5 2. Nf3 d6 3. c3 Nf6 4. Bd3 Nc6 5. O-O e5 6. Bc2 Be7 7. d3 O-O 8. Nbd2
Re8 9. Re1 Bf8 10. Nf1 h6 11. Ng3 g6 12. h3 Bg7 13. Nh2 d5 14. Qf3 Be6 15. Ng4
Nxg4 16. hxg4 d4 17. Bb3 Qh4 18. Bxe6 Rxe6 19. c4 Bf6 20. Kf1 Bg5 21. Nf5 gxf5
22. gxf5 Rd6 23. g3 Qh3+ 24. Ke2 Bxc1 25. Rh1 Qxh1 26. Qxh1 Bg5 27. Rf1 Kg7 28.
Qh5 Rh8 29. f4 Bf6 30. Kd2 Kf8 31. Rh1 Ke7 32. a3 a5 33. Qd1 Kd7 34. Rh5 Kc7
35. Ke2 Bg7 36. Qh1 Rg8 37. Qh3 Bf8 38. Rh4 Be7 39. Rg4 Rdd8 40. Rxg8 Rxg8 41.
Kf2 f6 42. Qxh6 Rd8 43. Qg7 Rd7 44. Ke2 exf4 45. gxf4 Bd6 46. Qh6 Rf7 47. Kf3
Nd8 48. Qh8 Rf8 49. Qg7+ Rf7 50. Qg8 Kd7 51. Qg6 Kc7 52. b4 axb4 53. axb4 cxb4
54. e5 Be7 55. Ke4 b3 56. Qg1 Nc6 57. Qb1 Rh7 58. Qxb3 Rh3 59. Kd5 fxe5 60. f6
Bxf6 61. Ke6 Bd8 62. fxe5 Re3 63. Qb5 Rxd3 64. Qd5 Re3 65. Qd6+ Kb6 66. Kd7
Rxe5 67. Kc8 Ra5 68. Qg6 Ra8+ 69. Kd7 Be7 70. Qb1+ Bb4 71. Qg1 Rd8+ 72. Ke6 Ka6
73. Qa1+ Ba5 0-1

[Event "L C.to Italiano"]
[Site "Chianciano Terme ITA"]
[Date "1990.05.11"]
[Round "5"]
[White "Lanzani, Mario"]
[Black "Vezzosi, Paolo"]
[WhiteElo "2350"]
[BlackElo "2290"]
[Result "0-1"]
[PlyCount "94"]
[EventDate "1990.05.07"]

1. e4 e6 2. Nf3 d5 3. e5 c5 4. b4 cxb4 5. a3 Nc6 6. axb4 Bxb4 7. c3 Be7 8. d4
Nh6 9. Bxh6 gxh6 10. Bd3 f6 11. Qc2 fxe5 12. dxe5 Qc7 13. O-O Bc5 14. Ra4 Bd7
15. Bg6+ Ke7 16. Bxh7 Nxe5 17. Rf4 Raf8 18. Rxf8 Rxf8 19. Nbd2 Bb5 20. Rb1 Be2
21. Nxe5 Qxe5 22. Rxb7+ Kd6 23. Qa4 Bb5 24. Ne4+ Qxe4 25. Qxe4 dxe4 26. Rxb5 e3
27. Rb2 exf2+ 28. Kf1 Kd5 29. Bd3 e5 30. Rb5 Rf4 31. Ra5 Rf6 32. Rb5 Rc6 33. g4
e4 34. Be2 Ke5 35. Rb7 a5 36. Rf7 Bb6 37. Rf5+ Ke6 38. Rf4 e3 39. Re4+ Kd6 40.
Bc4 a4 41. Re6+ Kc7 42. Rxc6+ Kxc6 43. Ba2 Ba5 44. c4 Bd8 45. Ke2 Kc5 46. Kf1
Kd4 47. Ke2 Be7 0-1

[Event "L C.to Italiano"]
[Site "Chianciano Terme ITA"]
[Date "1990.05.11"]
[Round "5"]
[White "Mantovani, Renzo"]
[Black "Manca, Federico"]
[WhiteElo "2365"]
[BlackElo "2360"]
[Result "0-1"]
[PlyCount "89"]
[EventDate "1990.05.07"]

1. e4 d6 2. d4 Nf6 3. Nc3 g6 4. Be2 Bg7 5. g4 h6 6. Be3 c6 7. h3 b5 8. a3 Nbd7
9. f4 Nb6 10. Nf3 Qc7 11. f5 g5 12. Bd3 a6 13. Qe2 c5 14. dxc5 dxc5 15. e5 Nfd7
16. f6 exf6 17. exf6 Nxf6 18. Bxc5+ Be6 19. Qf2 Nbd5 20. Nxd5 Nxd5 21. O-O-O
Rc8 22. Bd4 Qf4+ 23. Rd2 Bxd4 24. Nxd4 Qxf2 25. Rxf2 Nf4 26. Be4 Ke7 27. Kb1
Rc7 28. h4 Rhc8 29. hxg5 hxg5 30. Rh6 Bxg4 31. Rxa6 Rc5 32. Rh2 Ne6 33. Nc6+
Kf6 34. Rh6+ Kg7 35. Rh7+ Kf6 36. c3 R8xc6 37. Rh6+ Kg7 38. Rh7+ Kg8 39. Rxc6
Rxc6 40. Bxc6 Kxh7 41. Bxb5 Bf3 42. Kc1 g4 43. Kd2 g3 44. Ke3 g2 45. Kf2 0-1

[Event "L C.to Italiano"]
[Site "Chianciano Terme ITA"]
[Date "1990.05.12"]
[Round "6"]
[White "Godena, Michele"]
[Black "Tortarolo, Massimiliano"]
[WhiteElo "2380"]
[BlackElo "2275"]
[Result "1/2-1/2"]
[PlyCount "56"]
[EventDate "1990.05.07"]

1. e4 d6 2. d4 Nf6 3. Nc3 g6 4. Nf3 Bg7 5. h3 O-O 6. Be3 c6 7. a4 a5 8. Be2 Na6
9. O-O Nb4 10. Qd2 Qc7 11. Rad1 Re8 12. Bc4 d5 13. exd5 Nbxd5 14. Ne5 Be6 15.
Bh6 Rad8 16. Rfe1 Qd6 17. Bxg7 Kxg7 18. Nxd5 Bxd5 19. Bxd5 Nxd5 20. Qxa5 Ra8
21. Qd2 Rxa4 22. Qh6+ Kg8 23. Nxf7 Kxf7 24. Qxh7+ Kf8 25. Qh8+ Kf7 26. Qh7+ Kf8
27. Qh8+ Kf7 28. Qh7+ Kf8 1/2-1/2

[Event "L C.to Italiano"]
[Site "Chianciano Terme ITA"]
[Date "1990.05.12"]
[Round "6"]
[White "Marinelli, Tullio"]
[Black "Bellia, Fabrizio"]
[WhiteElo "2400"]
[BlackElo "2320"]
[Result "0-1"]
[PlyCount "78"]
[EventDate "1990.05.07"]

1. d4 Nf6 2. c4 g6 3. Nc3 Bg7 4. e4 d6 5. f3 O-O 6. Be3 c5 7. d5 e5 8. Qd2 Nh5
9. O-O-O f5 10. exf5 gxf5 11. Bg5 Bf6 12. Bxf6 Qxf6 13. Bd3 Nd7 14. Nge2 Ng7
15. Bc2 Qe7 16. g4 e4 17. gxf5 e3 18. Qd3 Nxf5 19. Rhg1+ Kh8 20. Ne4 Ne5 21.
Qc3 Ng7 22. Rxg7 Qxg7 23. Rg1 Ng6 24. Qxe3 Qe7 25. Rxg6 hxg6 26. Qh6+ Kg8 27.
Qxg6+ Qg7 28. Qxd6 b6 29. f4 Bg4 30. N2g3 Rad8 31. Qe5 Rde8 32. Qg5 Re7 33. Qh4
Ref7 34. Ng5 Rxf4 35. Bh7+ Kh8 36. N3e4 Rf1+ 37. Kc2 Bd1+ 38. Kc1 Bb3+ 39. Kd2
Qd4+ 0-1

[Event "L C.to Italiano"]
[Site "Chianciano Terme ITA"]
[Date "1990.05.12"]
[Round "6"]
[White "Martorelli, Antonio"]
[Black "Borgo, Giulio"]
[WhiteElo "2220"]
[BlackElo "2330"]
[Result "0-1"]
[PlyCount "88"]
[EventDate "1990.05.07"]

1. e4 c5 2. Nf3 d6 3. d4 cxd4 4. Nxd4 Nf6 5. Nc3 Nc6 6. Be2 e5 7. Nb3 Be7 8. g4
h6 9. Be3 Be6 10. Bf3 Nd7 11. Qe2 Nb6 12. O-O-O Rc8 13. Nd5 Bxd5 14. exd5 Nb8
15. Kb1 Bg5 16. Be4 O-O 17. Bf5 Rc7 18. Bxg5 hxg5 19. Qf3 g6 20. Bd3 Kg7 21.
Nd2 N8d7 22. c3 Rh8 23. Bc2 Nc4 24. Ne4 Nc5 25. Bb3 Nxe4 26. Qxe4 Nb6 27. Rd3
Nd7 28. Rf3 Nc5 29. Qe3 b6 30. h3 Qe7 31. Re1 Rb7 32. Bd1 b5 33. Qd2 Rhb8 34.
h4 gxh4 35. g5 b4 36. c4 Rh8 37. Rh3 Qd7 38. Reh1 Qf5+ 39. Bc2 Qg4 40. b3 Re7
41. f3 Qd4 42. Qxb4 Rb7 43. Qe1 Na4 44. Rxh4 Qb2# 0-1

[Event "L C.to Italiano"]
[Site "Chianciano Terme ITA"]
[Date "1990.05.13"]
[Round "7"]
[White "Lanzani, Mario"]
[Black "Godena, Michele"]
[WhiteElo "2350"]
[BlackElo "2380"]
[Result "1/2-1/2"]
[PlyCount "83"]
[EventDate "1990.05.07"]

1. Nf3 Nf6 2. d4 d5 3. c4 c6 4. Nc3 dxc4 5. e4 b5 6. e5 Nd5 7. a4 e6 8. axb5
Nxc3 9. bxc3 cxb5 10. Ng5 Bb7 11. Qh5 Qd7 12. Nxh7 Nc6 13. Qh4 Nxd4 14. cxd4
Rxh7 15. Qxh7 Qxd4 16. Qb1 O-O-O 17. Be3 Qc3+ 18. Ke2 Bb4 19. Ra2 f5 20. exf6
gxf6 21. Rb2 a5 22. Rxb4 axb4 23. f3 Rd3 24. Qc1 b3 25. Qxc3 Rxc3 26. Kf2 Rc2+
27. Be2 c3 28. Rb1 Bd5 29. Kf1 Bc4 30. Bxc4 bxc4 31. h4 Ra2 32. Bd4 c2 33. Rc1
Ra5 34. Ke2 Rd5 35. Bb2 Kd7 36. h5 Rxh5 37. Kd2 Kc6 38. Bxf6 Rh2 39. Rg1 Kd5
40. Bc3 e5 41. Kc1 e4 42. Re1 1/2-1/2

[Event "L C.to Italiano"]
[Site "Chianciano Terme ITA"]
[Date "1990.05.13"]
[Round "7"]
[White "Mantovani, Renzo"]
[Black "Martorelli, Antonio"]
[WhiteElo "2365"]
[BlackElo "2220"]
[Result "1/2-1/2"]
[PlyCount "22"]
[EventDate "1990.05.07"]

1. Nf3 Nf6 2. d4 g6 3. e3 Bg7 4. b4 O-O 5. Bb2 d6 6. Nbd2 Nbd7 7. Be2 b6 8. O-O
c5 9. b5 Bb7 10. a4 Rc8 11. c4 cxd4 1/2-1/2

[Event "L C.to Italiano"]
[Site "Chianciano Terme ITA"]
[Date "1990.05.13"]
[Round "7"]
[White "Tortarolo, Massimiliano"]
[Black "Marinelli, Tullio"]
[WhiteElo "2275"]
[BlackElo "2400"]
[Result "1-0"]
[PlyCount "63"]
[EventDate "1990.05.07"]

1. e4 c5 2. Nf3 d6 3. d4 cxd4 4. Nxd4 Nf6 5. Nc3 a6 6. Be3 e5 7. Nb3 Be7 8. f3
Be6 9. Qd2 Nbd7 10. O-O-O Qc7 11. g4 Rc8 12. Kb1 b5 13. g5 Nh5 14. Nd5 Bxd5 15.
exd5 Nb6 16. Na5 Nc4 17. Bxc4 bxc4 18. Nc6 f6 19. Rhg1 O-O 20. g6 f5 21. gxh7+
Kh8 22. Qg2 Bd8 23. Qg6 f4 24. Bf2 Nf6 25. Bb6 Qb7 26. Bxd8 Rcxd8 27. Nxd8 Rxd8
28. h4 Rb8 29. b3 Rc8 30. h5 a5 31. h6 Ne8 32. Qe6 1-0